الثمار / (رقم التسجيلة. 51685)

تفاصيل مارك
000 -LEADER
fixed length control field 00525nam a22001937a 4500
005 - DATE AND TIME OF LATEST TRANSACTION
control field 20251108170911.0
008 - FIXED-LENGTH DATA ELEMENTS--GENERAL INFORMATION
fixed length control field 250721s1998 xx 000 0 ara d
082 14 - DEWEY DECIMAL CLASSIFICATION NUMBER
Classification number ط/634/ثما
245 10 - TITLE STATEMENT
Title الثمار /
264 1# - PRODUCTION, PUBLICATION, DISTRIBUTION, MANUFACTURE, AND COPYRIGHT NOTICE
Place of production, publication, distribution, manufacture بيروت :
Name of producer, publisher, distributor, manufacturer أكاديميا،
Date of production, publication, distribution, manufacture, or copyright notice 1998.
300 ## - PHYSICAL DESCRIPTION
Extent 19ص
490 0# - SERIES STATEMENT
Series statement كتابي المفضل
650 17 - SUBJECT ADDED ENTRY--TOPICAL TERM
Topical term or geographic name as entry element الزراعة
650 17 - SUBJECT ADDED ENTRY--TOPICAL TERM
Topical term or geographic name as entry element الفواكه
650 17 - SUBJECT ADDED ENTRY--TOPICAL TERM
Topical term or geographic name as entry element الثمار
653 ## - INDEX TERM--UNCONTROLLED
Uncontrolled term اطفال ما قبل المدرسة (0-5) سنوات
942 ## - ADDED ENTRY ELEMENTS (KOHA)
Source of classification or shelving scheme Dewey Decimal Classification
Koha item type كتب
المقتنيات
حالة السحب حالة الفقدان مصدر التصنيف حالة التلف غير قابل للإعارة المكتبة الرئيسية المكتبة الحالية موقع الرف تاريخ التزويد الرقم المتسلسل Total Checkouts رقم الإستدعاء تاريخ آخر ظهور تاريخ الفاتورة نوع المادة (كوها) الباركود
    Dewey Decimal Classification     مكتبة الأميرة سلمى مكتبة الأميرة سلمى الإعارة 28/07/2025 566168   ط/634/ثما 28/07/2025 28/07/2025 كتب 566168
    Dewey Decimal Classification     مكتبة الأميرة سلمى مكتبة الأميرة سلمى الأطفال 28/07/2025 568212   ط/634/ثما 28/07/2025 28/07/2025 كتب 568212
    Dewey Decimal Classification     مكتبة الأميرة سلمى مكتبة الأميرة سلمى الإعارة 28/07/2025 568002   ط/634/ثما 28/07/2025 28/07/2025 كتب 568002
    Dewey Decimal Classification Unchecked   مكتبة الراية الهاشمية للأطفال مكتبة الراية الهاشمية للأطفال الإعارة 28/07/2025 295721   ط/634/ثما 28/07/2025 28/07/2025 كتب  
    Dewey Decimal Classification     مكتبة الياسمين للأطفال مكتبة الياسمين للأطفال الأطفال 22/03/2014 565495   ط/634/ثما 28/07/2025 22/03/2014 كتب PLD00295778
Implemented & Customized by: BBB with SCIT (Smart Chains for Information Technology)

Powered by Koha